Statistiques concernant 15 principaux pays touchés par Covid-19 - 3 novembre 2021

Cliquez ici pour prendre le quiz!

Statistiques générales

  • Ce quiz a été pris 19 fois
  • Le résultat moyen est 12 sur 27

Statistiques - réponses

pays% Correct
France
100%
Brésil
94%
Allemagne
88%
Espagne
88%
Etats-Unis
88%
Royaume-Uni
88%
Russie
88%
Argentine
76%
Italie
76%
Mexique
76%
Inde
71%
Colombie
53%
Belgique
47%
Pays-Bas
41%
Indonésie
35%
Croatie
29%
Turquie
29%
Tchèquie
24%
Iran
18%
Israël
12%
Serbie
6%
Slovénie
6%
Bahreïn
0%
Estonie
0%
Géorgie
0%
Lettonie
0%
Lituanie
0%

Distribution des résultats

Percentile par nombre de réponses

% des personnes avec chaque résultat

Votre développement - résultats

Vous n’avez pas pris ce quiz